Elhunyt Pazderák Bertalan

Bibliographic Details
Format: Article
Language:Hungarian
PhysicalDescription:Fotogr.
Subjects:

MARC

LEADER 00000nab a2200000 a 4500
001 vtls008962113
003 SK-MaSNL
005 20260319071324.0
008 070405|2007 xo m| | |00 0|hun
038 |a KEVKJB 
040 |a KEVKJB  |b slo  |c KEVKJB  |e AACR2 
041 0 |a hun 
044 |a xo  |c SK 
080 |a 323.15(=511.141):061.2  |2 2001 
080 |a 008  |2 2001 
080 |a 929 Pazderák, Bertalan  |2 2001 
245 0 0 |a Elhunyt Pazderák Bertalan 
300 |b Fotogr. 
500 |a Bertalan Pazderák-učiteľ, bol aktívnym členom miestnej organizácie Csemadoku 
600 1 7 |a Pazderák, Bertalan  |d 1932-2007  |2 kevkjb  |9 1068487 
651 7 |a Bidovce (Slovensko)  |2 kevkjb  |9 30000 
651 7 |a Košice-okolie (Slovensko : okres)  |2 kevkjb  |9 146743 
655 7 |a nekrológy  |2 kevkjb  |9 402542 
773 0 |t Kassai Figyelő  |g Évf. V, sz. 3 (2007), o. 21 
852 |a KEVKJB  |b KIS3GCP 
958 |a HU 
958 |a NM 
958 |a BX 
999 |c 1756600  |d 1758530